000 01017nam a2200253 i 4500
001 17784
003 ES-MaACL
005 20250719063307.0
007 t|
008 010525s1878 sp ||||1| spa d
080 _a061.21(460.27)Ateneo(091)
100 1 _aLabra, Rafael M. de,
_d1840-1918
_eaut
_969273
245 1 3 _aEl Ateneo de Madrid :
_bsus orígenes : desenvolvimiento, representación y porvenir /
_cpor Rafael María de Labra.
260 _aMadrid :
_b[s.n.],
_c1878
_f(Aurelio J. Alaria)
300 _aVII, 214 páginas ;
_c19 cm.
530 _aDisponible en formato digital
610 2 4 _aAteneo de Madrid-
_vHistoria
_91925
610 2 _aAteneo de Madrid-
_vObras digitalizadas.
_91930
852 _aES-MaACL
_cSPP2
_hDonativo autor, sello
_jF-11895
856 4 _uhttp://www.ateneodemadrid.com/biblioteca_digital/libros/Libro-00008.pdf
_yVersión en línea
_z(Colección digital del Ateneo de Madrid)
942 _2udc
_cMONANT
_n0
999 _c17784
_d17784